Normal view
MARC view
- Iqbal Mohammad Khan.
Entry Personal Name
001 - CONTROL NUMBER
- control field: 30736
003 - CONTROL NUMBER IDENTIFIER
- control field: NUST
005 - DATE AND TIME OF LATEST TRANSACTION
- control field: 20200924123901.0
008 - FIXED-LENGTH DATA ELEMENTS
- fixed length control field: 200924|| aca||aabn | a|a d
040 ## - CATALOGING SOURCE
- Original cataloging agency: NUST
- Transcribing agency: NUST
100 ## - HEADING--PERSONAL NAME
- Personal name: Iqbal Mohammad Khan.
670 ## - SOURCE DATA FOUND
- Source citation: Work cat.: (NUST): Younis, Rubina 30735, CYTOLOGICAL GRADING OF BREAST CANCER AND COMPARISION OF TWO GRADING SYSTEMS /, 2013.
